01100nam a22002417a 4500999001900000001000800019003000500027005001700032008004100049010001700090020001500107040001300122050002200135082001900157111011800176245022900294260012000523300003300643500000800676906004500684942001800729952011100747 c332460d3324602029039NUST20171206121127.0910522s1990 pk a 000 0 eng  a 91930189  a9694090725 aDLCcDLC00aMLCM 95/12660 (S) a631.435491 SOI2 aInternational Symposium on Applied Soil Physics in Stress Environmentsd(1989 :cIslāmābād, Pakistan)9701400aSoil physics, application under stress environments :bproceedings of the International Symposium on Applied Soil Physics in Stress Environments, 22-26 January 1989, Islamabad, Pakistan /ceditors, Mumtaz Ahmad ... [et al.]. aIslamabad :bBarani Agricultural Research and Development Project :bPakistan Agricultural Research Council,c1990. aix, 467 p. :bill. ;c25 cm. aP.B a7bcbccorignewd4encipf19gy-gencatlg 2ddccBKkIESE 00102ddc40708NFICaIESEbIESEcGENd2017-12-06l0o631.435491 SOIpIESE-25r2017-12-06w2017-12-06yBK